000 00328nam a2200133Ia 4500
008 151213s9999 xx 000 0 und d
100 _aD.H . Lawrence
245 _aThe Lost Girl
_cD.H . Lawrence
260 _aLondon
_bPenguing Books
_c1956
300 _a4609 p.
650 _aEnglish
700 _aD.H . Lawrence
999 _c2967
_d2967